Avances de Investigación 1977 (23). "Los estereotipos del costarricense" (una análisis de estereotipos sociales como instrumento de control y dominación)/
Sparad:
| Huvudupphovsman: | |
|---|---|
| Materialtyp: | Regeringsdokument Bok |
| Språk: | Spanish |
| Ämnen: | |
| Taggar: |
Lägg till en tagg
Inga taggar, Lägg till första taggen!
|
MARC
| LEADER | 00000nam a22000007a 4500 | ||
|---|---|---|---|
| 003 | cru IIS | ||
| 005 | 20220706081851.0 | ||
| 007 | ta | ||
| 008 | 220523s1990 cr |||p|r|||| 00| 0 spa d | ||
| 040 | |c cru IIS | ||
| 086 | |a REV0053 (23) 1977 | ||
| 100 | 1 | |9 10545 |a Cersosimo, Gaetano |e Autor | |
| 245 | 1 | |a Avances de Investigación 1977 (23). |b "Los estereotipos del costarricense" (una análisis de estereotipos sociales como instrumento de control y dominación)/ |c Gaetano Cersosimo | |
| 300 | |a 131 páginas | ||
| 500 | |a Colección Centroamérica | ||
| 505 | |a Introducción / Gaetano Cersosimo (páginas 1-6) Finalidad del estudio (páginas 1-2) Metodología (páginas 2-3) Alcances y limitaciones (páginas 3-6) PRIMERA PARTE: LA TEORÍA DE LOS ESTEREOTIPOS I. El concepto de estereotipo y falsa conciencia / / Gaetano Cersosimo (páginas 7-14) II. El "nosotros" y el "ellos", auto y heteroestipo / Gaetano Cersosimo (páginas 15-20) III. Los desequilibrios entre el conocimiento y la acción / Gaetano Cersosimo (páginas 21-28) SEGUNDA PARTE: LOS ESTEREOTIPOS SOCIALES COMO INSTRUMENTOS DE CONTROL SOCIAL Y DE DOMINACIÓN IV. El sentido de la dominación / Gaetano Cersosimo (páginas 29-32) V. Ideología, estereotipo y mito / Gaetano Cersosimo (páginas 33-40) VI. Las raíces de la dominación / Gaetano Cersosimo (páginas 41-46) VII. Estereotipo: Agente represivo y controlador / Gaetano Cersosimo (páginas 47-60) TERCERA PARTE: LOS ESTEREOTIPOS DEL COSTARRICENSE COMO INSTRUMENTOS DE CONTROL Y DOMINACIÓN VIII. Fuentes y técnicas empleadas para obtener la información / Gaetano Cersosimo (páginas 61-66) IX. Auto estereotipo nacional del costarricense / Gaetano Cersosimo (páginas 67-80) X. Hetero estereotipo nacional positivo / Gaetano Cersosimo (páginas 81-84) XI. Auto estereotipo nacional positivo-hetero estereotipo extranjero negativo / Gaetano Cersosimo (páginas 85-108) | ||
| 650 | 0 | |9 5608 |a ESTEREOTIPOS | |
| 651 | 0 | |9 32 |a COSTA RICA | |
| 773 | 0 | |0 19073 |9 7531 |a Universidad de Costa Rica. |d San José, Costa Rica UCR. FCS. IIS |o 22687 |t Avances de Investigación/ | |
| 942 | |2 ddc |c PP | ||
| 999 | |c 44365 |d 44365 | ||
